Ελένη Νικολαΐδου-Αυτονόμου : η δασκάλα και η λογοτέχνις (1894-1986) ; μελέτη
Αποθηκεύτηκε σε:
| Κύριος συγγραφέας: | |
|---|---|
| Μορφή: | Βιβλίο |
| Γλώσσα: | Greek |
| Δημοσίευση: |
Λευκωσία :
[χ.ό.],
2020.
|
| Σειρά: | Δημοσιεύματα λογοτεχνίας και έρευνας ;
4 |
| Θέματα: | |
| Ετικέτες: |
Προσθήκη ετικέτας
Δεν υπάρχουν, Καταχωρήστε ετικέτα πρώτοι!
|
MARC
| LEADER | 00000cam a2200000 a 4500 | ||
|---|---|---|---|
| 001 | 1/123084 | ||
| 008 | 210531s2020####cy | ||| |||| ||gre|| | ||
| 020 | |a 9789925789696 | ||
| 040 | |a GR-MyUa |b gre |c GR-MyUa |e AACR2 | ||
| 041 | 0 | |a gre | |
| 082 | 7 | |a 889.3 |2 (23) | |
| 100 | 1 | |a Μιχαηλίδου, Μαρία. | |
| 245 | 1 | 0 | |a Ελένη Νικολαΐδου-Αυτονόμου : |b η δασκάλα και η λογοτέχνις (1894-1986) ; μελέτη / |c Μαρία Μιχαηλίδου. |
| 260 | |a Λευκωσία : |b [χ.ό.], |c 2020. | ||
| 300 | |a 48 σ. : |b φωτ., |c 21 εκ. | ||
| 490 | 1 | |a (Δημοσιεύματα λογοτεχνίας και έρευνας ; |v 4) | |
| 504 | |a Περιλαμβάνει βιβλιογραφικές αναφορές. | ||
| 600 | 1 | 4 | |a Νικολαΐδου-Αυτονόμου, Ελένη. |
| 650 | 0 | |a Authors, Greek (Modern) |z Cyprus. | |
| 650 | 0 | |a Greek literature, Modern |z Cyprus |x History and critisism. | |
| 650 | 0 | |a Teachers |x Biography. | |
| 830 | 0 | |a Δημοσιεύματα λογοτεχνίας και έρευνας ; |v 4 | |
| 852 | |a INST |b RHODES |e 20210531 |h 889.3 ΜΙΧ |p 005400042138 |q 005400042138 |t BK |y 0 | ||
| 970 | |z 31-05-2021 | ||